000
00310nam a22001337a 4500
008
170419b xxu||||| |||| 00| 0 eng d
020
_a
0697004325
041
_a
eng
080
_2
3RD
_a
573
100
_a
11
101
_a
SHM
245
_a
INTRODUCTION TO BIOLOGICAL PSYCHOLOGY
_c
GROVES, P.M
942
_2
udc
_c
BK
999
_c
11143
_d
11143